<?xml version="1.0" encoding="UTF-8"?>
<collection xmlns="http://www.loc.gov/MARC21/slim">
    <record>
        <controlfield tag="001">65314</controlfield>
        <controlfield tag="005">20190529115234.0</controlfield>
        <datafield tag="024" ind1="7" ind2=" ">
            <subfield code="2">doi</subfield>
            <subfield code="a">10.2902/1725-0463.2012.07.art12</subfield>
        </datafield>
        <datafield tag="024" ind1="8" ind2=" ">
            <subfield code="2">sideral</subfield>
            <subfield code="a">85535</subfield>
        </datafield>
        <datafield tag="037" ind1=" " ind2=" ">
            <subfield code="a">ART-2012-85535</subfield>
        </datafield>
        <datafield tag="041" ind1=" " ind2=" ">
            <subfield code="a">eng</subfield>
        </datafield>
        <datafield tag="100" ind1=" " ind2=" ">
            <subfield code="a">Latre, M.Á.</subfield>
        </datafield>
        <datafield tag="245" ind1=" " ind2=" ">
            <subfield code="a">The development and interlinkage of a drought vocabulary in the EuroGEOSS interoperable catalogue infrastructure</subfield>
        </datafield>
        <datafield tag="260" ind1=" " ind2=" ">
            <subfield code="c">2012</subfield>
        </datafield>
        <datafield tag="506" ind1="0" ind2=" ">
            <subfield code="a">Access copy available to the general public</subfield>
            <subfield code="f">Unrestricted</subfield>
        </datafield>
        <datafield tag="520" ind1="3" ind2=" ">
            <subfield code="a">Metadata catalogues are used for facilitating the discovery of data and web services in, e.g., growing collections of Earth observation resources. Two conditions need to be met in order to successfully retrieve resources in catalogues: the metadata describing resources have to be complete and accurate and the keywords used in searches semantically related to the keywords contained in the metadata descriptions. One method to increase the rate of successfully retrieved metadata in catalogues is the use of controlled vocabularies. Such vocabularies can be used for annotating metadata with appropriate keywords and then also presented to users of the catalogue for specifying search terms. In the process of preparing metadata for drought-related data and services within the EuroGEOSS project, the need of a drought-specific vocabulary arose. This paper presents this drought vocabulary, the methodology followed for its development, its integration in the EuroGEOSS drought infrastructure and discusses its usefulness for the drought thematic area. The usefulness of the vocabulary is hereby measured by an increased use of search terms coming from an appropriate vocabulary and by an increase in the successful retrieval of resources. In particular, metadata must be annotated with appropriate keywords from a controlled vocabulary, thesaurus or ontology suitable for that particular field.</subfield>
        </datafield>
        <datafield tag="536" ind1=" " ind2=" ">
            <subfield code="9">info:eu-repo/grantAgreement/ES/MINECO/TIN2009-10971</subfield>
            <subfield code="9">info:eu-repo/grantAgreement/EC/FP7/226487/EU/European approach to GEOSS/EUROGEOSS</subfield>
        </datafield>
        <datafield tag="540" ind1=" " ind2=" ">
            <subfield code="9">info:eu-repo/semantics/openAccess</subfield>
            <subfield code="a">by-nc-nd</subfield>
            <subfield code="u">http://creativecommons.org/licenses/by-nc-nd/3.0/es/</subfield>
        </datafield>
        <datafield tag="655" ind1=" " ind2="4">
            <subfield code="a">info:eu-repo/semantics/article</subfield>
            <subfield code="v">info:eu-repo/semantics/publishedVersion</subfield>
        </datafield>
        <datafield tag="700" ind1=" " ind2=" ">
            <subfield code="a">Hofer, B.</subfield>
        </datafield>
        <datafield tag="700" ind1=" " ind2=" ">
            <subfield code="0">(orcid)0000-0003-3071-5819</subfield>
            <subfield code="a">Lacasta, J.</subfield>
            <subfield code="u">Universidad de Zaragoza</subfield>
        </datafield>
        <datafield tag="700" ind1=" " ind2=" ">
            <subfield code="a">Nogueras-Iso J.</subfield>
        </datafield>
        <datafield tag="710" ind1="2" ind2=" ">
            <subfield code="1">5007</subfield>
            <subfield code="2">570</subfield>
            <subfield code="a">Universidad de Zaragoza</subfield>
            <subfield code="b">Dpto. Informát.Ingenie.Sistms.</subfield>
            <subfield code="c">Área Lenguajes y Sistemas Inf.</subfield>
        </datafield>
        <datafield tag="773" ind1=" " ind2=" ">
            <subfield code="g">7 (2012), 225-248</subfield>
            <subfield code="t">International Journal of Spatial Data Infrastructures Research</subfield>
            <subfield code="x">1725-0463</subfield>
        </datafield>
        <datafield tag="856" ind1="4" ind2=" ">
            <subfield code="s">729267</subfield>
            <subfield code="u">http://zaguan.unizar.es/record/65314/files/texto_completo.pdf</subfield>
            <subfield code="y">Versión publicada</subfield>
        </datafield>
        <datafield tag="856" ind1="4" ind2=" ">
            <subfield code="s">74725</subfield>
            <subfield code="u">http://zaguan.unizar.es/record/65314/files/texto_completo.jpg?subformat=icon</subfield>
            <subfield code="x">icon</subfield>
            <subfield code="y">Versión publicada</subfield>
        </datafield>
        <datafield tag="909" ind1="C" ind2="O">
            <subfield code="o">oai:zaguan.unizar.es:65314</subfield>
            <subfield code="p">articulos</subfield>
            <subfield code="p">driver</subfield>
        </datafield>
        <datafield tag="951" ind1=" " ind2=" ">
            <subfield code="a">2019-05-29-11:44:01</subfield>
        </datafield>
        <datafield tag="980" ind1=" " ind2=" ">
            <subfield code="a">ARTICLE</subfield>
        </datafield>
    </record>

    
</collection>